Diksyunaryo ng bagong filipino : (Record no. 114810)
[ view plain ]
| 000 -LEADER | |
|---|---|
| fixed length control field | 00347nam a2200121 a 4500 |
| 005 - DATE AND TIME OF LATEST TRANSACTION | |
| control field | 20140414132113.0 |
| 008 - FIXED-LENGTH DATA ELEMENTS--GENERAL INFORMATION | |
| fixed length control field | 110805s19uu xx 00 eng d |
| 050 ## - LIBRARY OF CONGRESS CALL NUMBER | |
| Classification number | REF 413 |
| Item number | M26 2009 |
| 100 ## - MAIN ENTRY--PERSONAL NAME | |
| Personal name | Madrigal, Caye |
| 245 ## - TITLE STATEMENT | |
| Title | Diksyunaryo ng bagong filipino : |
| Remainder of title | (Filipino-Filipino). |
| 260 ## - PUBLICATION, DISTRIBUTION, ETC. (IMPRINT) | |
| Place of publication, distribution, etc | Philippines : |
| Name of publisher, distributor, etc | Smartbooks, |
| Date of publication, distribution, etc | 2009. |
| Withdrawn status | Lost status | Damaged status | Home library | Current library | Shelving location | Date acquired | Source of acquisition | Total Checkouts | Full call number | Barcode | Date last seen | Price effective from | Koha item type |
|---|---|---|---|---|---|---|---|---|---|---|---|---|---|
| Munich Library | Munich Library | Reference Section | 08/05/2011 | REF 413 M26 2009 | M6711 | 04/14/2014 | 04/14/2014 | Books |